Koncepčný návrh vymeniteľnej cisternovej nadstavby na univerzálnu platformu

Enregistré dans:
Détails bibliographiques
Auteur principal: Csánó, Norbert (Auteur)
Autres auteurs: Nagy, Miroslav (Directeur de thèse)
Format: Manuscrit Livre
Langue:slovaque
Publié: 2025
Sujets:
Accès en ligne:http://is.stuba.sk/zp/portal_zp.pl?podrobnosti=185062
Tags: Ajouter un tag
Pas de tags, Soyez le premier à ajouter un tag!

MARC

LEADER 00000ntm a22000003a 4500
001 stuzp105344
003 SK-STU
005 20250621210502.4
007 ta
008 150427s2015----xo-----f-mn---000-0-slo-d
040 |a STU  |b slo 
041 0 |a slo 
100 1 |a Csánó, Norbert  |u 020030  |4 aut  |U SjF Strojnícka fakulta  |T SjF Ústav automobilového inžinierstva a konštruovania  |X 110682  |U J0030  |Y 806  |7 110682 
242 0 1 |a Conceptual design of an interchangeable tank body on a universal platform  |y eng 
245 1 0 |a Koncepčný návrh vymeniteľnej cisternovej nadstavby na univerzálnu platformu 
260 |c 2025 
650 4 |a rám  |2 slo 
650 4 |a cisterna  |2 slo 
650 4 |a nádoba  |2 slo 
650 4 |a objem  |2 slo 
650 4 |a pevnostná kontrola  |2 slo 
650 4 |a frame  |2 eng 
650 4 |a vessel  |2 eng 
650 4 |a strength control  |2 eng 
650 4 |a tank  |2 eng 
650 4 |a volume  |2 eng 
700 1 |a Nagy, Miroslav  |u 020030  |k Z3  |4 ths  |U SjF Strojnícka fakulta  |T SjF Ústav automobilového inžinierstva a konštruovania  |X 8655  |U J0030  |Y 806  |7 8655 
856 4 |u http://is.stuba.sk/zp/portal_zp.pl?podrobnosti=185062